Δομή και πρότυπα ποικιλότητας μακροβενθικών βιοκοινοτήτων κατά μήκος της διαβάθμισης θαλάσσιου - λιμνοθαλάσσιου περιβάλλοντος στην περιοχή των αλυκών Καλλονής Λέσβου : καλοκαίρι 2004 : πτυχιακή εργασία
Αποθηκεύτηκε σε:
| Κύριος συγγραφέας: | |
|---|---|
| Συγγραφή απο Οργανισμό/Αρχή: | |
| Άλλοι συγγραφείς: | |
| Μορφή: | Thesis Βιβλίο |
| Γλώσσα: | Greek |
| Δημοσίευση: |
Μυτιλήνη :
Πανεπιστήμιο Αιγαίου, Σχολή Περιβάλλοντος, Τμήμα Επιστημών της Θάλασσας,
2006
|
| Θέματα: | |
| Διαθέσιμο Online: | http://hdl.handle.net/11610/7374 |
| Ετικέτες: |
Προσθήκη ετικέτας
Δεν υπάρχουν, Καταχωρήστε ετικέτα πρώτοι!
|
MARC
| LEADER | 00000cam a2200000 i 4500 | ||
|---|---|---|---|
| 001 | 1/60738 | ||
| 008 | 071029s2006 gre d | ||
| 035 | |l 10091892 | ||
| 040 | |a GR-MY-UA |b gre |e aacr | ||
| 041 | 0 | |a gre | |
| 082 | 0 | |a 577.77 |2 (22) | |
| 100 | 1 | |a Κατσιάρας, Νικόλαος. | |
| 245 | 1 | 0 | |a Δομή και πρότυπα ποικιλότητας μακροβενθικών βιοκοινοτήτων κατά μήκος της διαβάθμισης θαλάσσιου - λιμνοθαλάσσιου περιβάλλοντος στην περιοχή των αλυκών Καλλονής Λέσβου : |b καλοκαίρι 2004 : πτυχιακή εργασία / |c Κατσιάρας Νικόλαος ; επιβλέπων καθηγητής Δρόσος Κουτσούμπας |
| 260 | |a Μυτιλήνη : |b Πανεπιστήμιο Αιγαίου, Σχολή Περιβάλλοντος, Τμήμα Επιστημών της Θάλασσας, |c 2006 | ||
| 300 | |a 131 σ.; |b διαγρ., εικ., πίν.; |c 30 εκ. | ||
| 502 | |a Πτυχιακή εργασία – Πανεπιστήμιο Αιγαίου, Λέσβος, 2006. | ||
| 504 | |a Βιβλιογραφία: σ. 115-125 | ||
| 650 | 0 | 0 | |a Marine ecology |z Greece |z Kallone (Lesbos Island) |
| 650 | 0 | 0 | |a Benthos |z Greece |z Kallone (Lesbos Island) |
| 650 | 0 | 0 | |a Marine biological diversity |z Greece |z Kallone (Lesbos Island) |
| 650 | 0 | 0 | |a Dissertations, Academic |z Greece. |
| 700 | 1 | |4 ths |a Κουτσούμπας, Δρόσος. | |
| 710 | 2 | |a Πανεπιστήμιο Αιγαίου |b Σχολή Περιβάλλοντος |b Τμήμα Επιστημών της Θάλασσας. | |
| 852 | |a INST |b LESVOS |c DIATR |e 20071029 |h 75 |p 005100038911 |q 005100038911 |t DIE |y 23 | ||
| 852 | |a INST |b LESVOS |c DIATR |e 20071029 |h 76 |p 005100038910 |q 005100038910 |t DIE |y 23 | ||
| 856 | |u http://hdl.handle.net/11610/7374 | ||
| 901 | |a BIBL1-2007-3 | ||
| 909 | |a Λ |b 132944 | ||
| 909 | |a Λ |b 132945 | ||
| 924 | |a ΚΑΤΣΙΑΡΑΣ |b ΝΙΚΟΛΑΟΣ |y ΛΕΣΒΟΣ |z 2007-10 | ||
| 970 | |a ΒΑΡΚΑ |b ΕΛΕΥΘΕΡΙΑ |z 2007/10/29 | ||